Object-oriented design for temporal GIS

Αποθηκεύτηκε σε:
Λεπτομέρειες βιβλιογραφικής εγγραφής
Κύριος συγγραφέας: Wachowicz, Monica
Μορφή: Βιβλίο
Γλώσσα:English
Δημοσίευση: London; Bristol, PA : Taylor & Francis, c1999
Σειρά:Research monographs in geographic information systems
Θέματα:
Ετικέτες: Προσθήκη ετικέτας
Δεν υπάρχουν, Καταχωρήστε ετικέτα πρώτοι!

MARC

LEADER 00000nam a2200000 i 4500
001 1/38259
008 030716s1999 eng d
020 |a 0-7484-0831-2 
035 |l 10070407 
040 |a GR-MY-UA  |b gre  |e aacr 
041 0 |a eng 
082 0 |a 910.285 
100 1 |a Wachowicz, Monica. 
245 1 0 |a Object-oriented design for temporal GIS /  |c Monica Wachowicz 
260 |a London; Bristol, PA :   |b Taylor & Francis,   |c c1999 
300 |a xii, 118 σ.;  |b εικ., χαρτ.;  |c 24 εκ. 
490 1 |a Research monographs in geographic information system 
504 |a Περιέχει βιβλιογραφία και ευρετήριο 
650 0 0 |a Geographic information systems. 
650 0 0 |a Object-oriented methods (Computer science) 
830 0 |a Research monographs in geographic information systems 
852 |a INST  |b LESVOS  |e 20030716  |h 910.285 WAC  |p 005100026629  |q 005100026629  |t BK  |y 0 
901 |a BIBL1-2003-3 
909 |a Λ  |b 105521 
922 |a 1ΕΛΗ  |b 200307  |c ΤΑΚ/ΤΓ  |d ΠΑΠΑΣΩΤΗΡΙΟΥ 
950 |a 118-2002-10-09 
970 |a ΚΑΡΑ  |b ΓΙΑΣΕΜΗ  |z 2003/09/08